000 00531nam a2200205Ia 4500
003 OSt
005 20230327113609.0
008 210423s2005 xx 000 0 und d
020 _a8186299785
040 _cAL
041 _aeng
082 _a664.001
_223
_bDASH
100 _aDAS (H).
_978303
245 _aFood processing operations analysis.
260 _aNew Delhi
_bAsian Books Pvt Ltd
_c2005
300 _axvii,406
_bHB
365 _b700
_cINR
906 _aanalysis. ; Food ; operations ; processing
942 _2ddc
_cBK
999 _c154142
_d154142